[Event "Madrid-chT Honor 2223"]
[Site "Madrid"]
[Date "2023.02.19"]
[Round "10.4"]
[White "Nunez Miranda, Adrian"]
[Black "Suarez Uriel, Adrian"]
[Result "0-1"]
[WhiteElo "2155"]
[BlackElo "2373"]
[PlyCount "118"]
[EventDate "2022.11.20"]
[EventType "team-tourn"]
[EventRounds "14"]
[EventCountry "ESP"]
[SourceTitle "EXT 2024"]
[Source "ChessBase"]
[SourceDate "2023.10.10"]
[SourceVersion "1"]
[SourceVersionDate "2023.10.10"]
[SourceQuality "1"]
[WhiteTeam "San Fernando de Henares"]
[BlackTeam "Collado Villalba"]
[WhiteTeamCountry "ESP"]
[BlackTeamCountry "ESP"]

1. e4 c5 2. d4 cxd4 3. c3 dxc3 4. Nxc3 Nc6 5. Nf3 e6 6. Bc4 Bb4 7. 0-0 Nge7 8. Qc2 Ng6 9. Rd1 a6 10. Be3 0-0 11. Bf1 Ba5 12. Na4 d6 13. Nd2 Nge5 14. Nb3 Bc7 15. Rac1 Ng4 16. Bf4 e5 17. Bg3 h5 18. h4 Qf6 19. Nc3 Nb4 20. Qd2 Bb6 21. a3 Be6 22. Na1 Nc6 23. Nc2 Rac8 24. Ne3 Nxe3 25. fxe3 Na5 26. Qf2 Qh6 27. Re1 Nb3 28. Rcd1 Rfd8 29. Rd3 Ba5 30. Red1 Nc5 31. Rxd6 Rxd6 32. Rxd6 Bxc3 33. Qc2 Bxb2 34. Qxb2 Nxe4 35. Rxe6 Qxe6 36. Bxe5 Qg4 37. Be2 Qxh4 38. Bf3 Qe1+ 39. Kh2 Rc1 40. g3 Qg1+ 41. Kh3 Ng5+ 42. Kh4 Nxf3+ 43. Kxh5 Qh2+ 44. Kg4 f5+ 45. Kf4 Qxb2 46. Bxb2 Rf1 47. Kxf5 Kf7 48. a4 Rf2 49. Ba1 Ra2 50. Bc3 Rxa4 51. e4 Rc4 52. Ba1 Nd4+ 53. Ke5 Nb3 54. Bb2 Nd2 55. g4 Rxe4+ 56. Kf5 g6+ 57. Kg5 Nf3+ 58. Kh6 Re2 59. Be5 Rxe5 0-1

[Event "Almansa op-A"]
[Site "Almansa"]
[Date "2022.08.11"]
[Round "3"]
[White "Nunez Miranda, Adrian"]
[Black "Martinez Fresneda, David"]
[Result "1-0"]
[WhiteElo "2117"]
[BlackElo "2123"]
[PlyCount "93"]
[EventDate "2022.08.10"]
[EventType "swiss"]
[EventRounds "8"]
[EventCountry "ESP"]
[SourceTitle "CBM 210 Extra"]
[Source "ChessBase"]
[SourceDate "2022.11.30"]
[SourceVersion "1"]
[SourceVersionDate "2022.11.30"]
[SourceQuality "1"]

1. e4 Nf6 2. d3 d5 3. e5 Nfd7 4. f4 e6 5. Nf3 c5 6. g3 Nc6 7. Bg2 Be7 8. 0-0 0-0 9. c4 Nb6 10. b3 f6 11. Bb2 fxe5 12. Nxe5 Nxe5 13. Bxe5 Bf6 14. Qe1 Bd7 15. Nd2 Qe8 16. Nf3 Qf7 17. Qa5 Qe7 18. Rae1 Bc6 19. Rf2 dxc4 20. dxc4 Nd7 21. Bxf6 Rxf6 22. Qc7 Re8 23. Ng5 Nb8 24. Qxe7 Rxe7 25. Bd5 Nd7 26. Bxe6+ Kh8 27. Rfe2 h6 28. Bxd7 Rxe2 29. Rxe2 Bxd7 30. Rd2 hxg5 31. Rxd7 gxf4 32. Rxb7 Ra6 33. a4 fxg3 34. hxg3 Rd6 35. Rxa7 Rb6 36. Rc7 Rxb3 37. Rxc5 Rxg3+ 38. Kf2 Ra3 39. a5 Kh7 40. Rb5 Kh6 41. c5 Kg6 42. c6 Rc3 43. Rb6 Kf5 44. a6 Ke6 45. a7 Ra3 46. c7+ Kd7 47. Rb8 1-0

[Event "Madrid San Viator op-A 27th"]
[Site "Madrid"]
[Date "2016.11.20"]
[Round "9"]
[White "Luna Hermoso, Angel"]
[Black "Nunez Miranda, Adrian"]
[Result "0-1"]
[WhiteElo "1976"]
[BlackElo "2143"]
[PlyCount "45"]
[EventDate "2016.09.25"]
[EventType "swiss"]
[EventRounds "9"]
[EventCountry "ESP"]
[SourceTitle "EXT 2019"]
[Source "ChessBase"]
[SourceDate "2018.10.10"]
[SourceVersion "1"]
[SourceVersionDate "2018.10.10"]
[SourceQuality "1"]

1. e4 c5 2. b3 Nc6 3. Bb2 e5 4. g3 d5 5. exd5 Qxd5 6. Qf3 Be6 7. Nc3 Qd7 8. h3 Nd4 9. Qd1 Qc6 10. Rh2 Bf5 11. Bg2 Qd7 12. d3 Ne7 13. Nf3 Nec6 14. Nd5 Be6 15. Ne3 Be7 16. c3 Nxf3+ 17. Bxf3 Rd8 18. Ke2 f5 19. Qc2 0-0 20. Nc4 Bf6 21. a4 Rfe8 22. Ne3 Qf7 23. c4 0-1

[Event "Madrid San Viator op-A 27th"]
[Site "Madrid"]
[Date "2016.10.16"]
[Round "5"]
[White "Cabanas Bravo, Juan Andres"]
[Black "Nunez Miranda, Adrian"]
[Result "0-1"]
[WhiteElo "2007"]
[BlackElo "2143"]
[PlyCount "78"]
[EventDate "2016.09.25"]
[EventType "swiss"]
[EventRounds "9"]
[EventCountry "ESP"]
[SourceTitle "EXT 2017"]
[Source "ChessBase"]
[SourceDate "2016.10.25"]
[SourceVersion "1"]
[SourceVersionDate "2016.10.25"]
[SourceQuality "1"]

1. e4 c5 2. Nf3 Nf6 3. e5 Nd5 4. d4 cxd4 5. Qxd4 e6 6. Bc4 Nc6 7. Qe4 d6 8. Bxd5 exd5 9. Qxd5 Be6 10. Qb5 dxe5 11. Nc3 Qc7 12. 0-0 a6 13. Qa4 Be7 14. Ng5 Bxg5 15. Bxg5 0-0 16. Ne2 f5 17. Qa3 Bc4 18. Rfe1 f4 19. f3 Bxe2 20. Rxe2 Nd4 21. Rd2 Qb6 22. Kh1 Rf5 23. Bh4 Rh5 24. Bf2 Qh6 25. Bg1 Nf5 26. Qb3+ Kh8 27. h3 e4 28. Rad1 Rf8 29. Qf7 g6 30. Qxb7 e3 31. Rd8 Ng3+ 32. Kh2 Nf1+ 33. Rxf1 Rxd8 34. Qxa6 Qg5 35. Kh1 Rd2 36. Qc8+ Kg7 37. Qg4 Qxg4 38. fxg4 Re5 39. Re1 Rxc2 0-1

[Event "Madrid San Viator op-A 27th"]
[Site "Madrid"]
[Date "2016.10.12"]
[Round "4"]
[White "Nunez Miranda, Adrian"]
[Black "Quispe Arteaga, Gabriel"]
[Result "0-1"]
[WhiteElo "2143"]
[BlackElo "2270"]
[PlyCount "102"]
[EventDate "2016.09.25"]
[EventType "swiss"]
[EventRounds "9"]
[EventCountry "ESP"]
[SourceTitle "EXT 2017"]
[Source "ChessBase"]
[SourceDate "2016.10.25"]
[SourceVersion "1"]
[SourceVersionDate "2016.10.25"]
[SourceQuality "1"]

1. e4 c5 2. Nf3 Nc6 3. Bb5 e6 4. 0-0 Nge7 5. Re1 a6 6. Bf1 g6 7. c3 Bg7 8. d4 cxd4 9. cxd4 Qb6 10. Be3 Qxb2 11. d5 Qxa1 12. dxc6 Nxc6 13. Qd6 Bf8 14. Qd2 Bb4 15. Qc2 Bxe1 16. Nxe1 0-0 17. Nf3 Qg7 18. Qd2 Ne5 19. Nxe5 Qxe5 20. Bd4 Qd6 21. e5 Qc6 22. Qf4 f5 23. exf6 d6 24. Qh6 Rf7 25. Nd2 e5 26. Bc4 Be6 27. Qg7+ Rxg7 28. Bxe6+ Rf7 29. Be3 Re8 30. Bxf7+ Kxf7 31. h4 d5 32. Nf3 Qxf6 33. Bc5 d4 34. Ng5+ Kg8 35. Ne4 Qxh4 36. f3 Rc8 37. g3 Qxe4 38. fxe4 Rxc5 39. Kf2 Rc2+ 40. Kf3 a5 41. a4 Ra2 42. g4 Rxa4 43. g5 Ra3+ 44. Ke2 Rh3 45. Kd2 a4 46. Kc2 a3 47. Kb1 Rh2 48. Ka1 b5 49. Kb1 b4 50. Ka1 b3 51. Kb1 Rh1# 0-1

[Event "Madrid San Viator op-A 27th"]
[Site "Madrid"]
[Date "2016.10.02"]
[Round "2"]
[White "Nunez Miranda, Adrian"]
[Black "Bustos Bernardo, Samuel"]
[Result "1-0"]
[WhiteElo "2143"]
[BlackElo "1991"]
[PlyCount "107"]
[EventDate "2016.09.25"]
[EventType "swiss"]
[EventRounds "9"]
[EventCountry "ESP"]
[SourceTitle "EXT 2017"]
[Source "ChessBase"]
[SourceDate "2016.10.25"]
[SourceVersion "1"]
[SourceVersionDate "2016.10.25"]
[SourceQuality "1"]

1. d3 c5 2. g3 d6 3. Bg2 Nf6 4. f4 e6 5. Nf3 Qc7 6. e4 b6 7. 0-0 Bb7 8. h3 Be7 9. g4 0-0 10. Qe1 Re8 11. f5 exf5 12. gxf5 Nbd7 13. c4 Ne5 14. Nxe5 dxe5 15. Nc3 Rad8 16. Nd5 Nxd5 17. exd5 Bf6 18. Be4 Qe7 19. Qg3 Rd6 20. Bd2 Bc8 21. Rf3 Bh4 22. Qg2 f6 23. Kh1 Bg5 24. Be1 Bf4 25. b4 Qc7 26. bxc5 Qxc5 27. Rb1 a5 28. Bf2 Qc7 29. Qg1 Qf7 30. Bxb6 Bd7 31. Qc5 Qh5 32. Qxd6 Bxf5 33. Qc6 Bxe4 34. Qxe8+ Qxe8 35. dxe4 Qh5 36. Rbb3 a4 37. Rbd3 f5 38. d6 Qh4 39. d7 Qe1+ 40. Bg1 Bg5 41. d8Q+ Bxd8 42. Rxd8+ Kf7 43. Rxf5+ Ke7 44. Rff8 Qxe4+ 45. Kh2 Qe2+ 46. Bf2 Qxc4 47. Rde8+ Kd6 48. Bg3 Qxa2+ 49. Rf2 Qb3 50. Rxe5 Kc6 51. Rd2 a3 52. Rd6+ Kc7 53. Re7+ Kc8 54. Rc7+ 1-0

[Event "Madrid-ch sf-A"]
[Site "Madrid"]
[Date "2016.03.14"]
[Round "4"]
[White "Nunez Miranda, Adrian"]
[Black "Plazuelo Pascual, Juan"]
[Result "1/2-1/2"]
[WhiteElo "2120"]
[BlackElo "2249"]
[PlyCount "44"]
[EventDate "2016.03.07"]
[EventType "swiss"]
[EventRounds "9"]
[EventCountry "ESP"]
[SourceTitle "EXT 2017"]
[Source "ChessBase"]
[SourceDate "2016.10.25"]
[SourceVersion "1"]
[SourceVersionDate "2016.10.25"]
[SourceQuality "1"]

1. e4 e6 2. d4 d5 3. Nd2 Be7 4. e5 c5 5. c3 Nc6 6. Bd3 Bd7 7. Ne2 f6 8. exf6 Nxf6 9. Nf3 0-0 10. 0-0 Bd6 11. dxc5 Bxc5 12. Bf4 a6 13. Ned4 Ne4 14. g3 Qb6 15. Qe2 Bxd4 16. Bxe4 dxe4 17. Nxd4 Nxd4 18. cxd4 Bb5 19. Qxe4 Bxf1 20. Rxf1 Rad8 21. Be5 Rf7 22. b3 Qc6 1/2-1/2

[Event "Madrid San Viator op 23rd"]
[Site "Madrid"]
[Date "2014.11.09"]
[Round "7"]
[White "Elissalt Cardenas, Hector"]
[Black "Nunez Miranda, Adrian"]
[Result "1-0"]
[WhiteElo "2334"]
[BlackElo "2120"]
[PlyCount "127"]
[EventDate "2014.09.28"]
[EventType "swiss"]
[EventRounds "9"]
[EventCountry "ESP"]
[SourceTitle "EXT 2016"]
[Source "ChessBase"]
[SourceDate "2015.10.08"]
[SourceVersion "1"]
[SourceVersionDate "2015.10.08"]
[SourceQuality "1"]

1. c4 e5 2. Nc3 d6 3. Nf3 g6 4. e3 f5 5. d4 e4 6. Ng1 Nf6 7. h4 Bg7 8. Nh3 Be6 9. Nf4 Bf7 10. Qb3 Qc8 11. Bd2 c6 12. Be2 Nbd7 13. Qc2 Nf8 14. d5 N8d7 15. 0-0-0 Ne5 16. f3 b5 17. cxb5 cxd5 18. Kb1 0-0 19. Bc1 Qb7 20. Rd4 Rfc8 21. h5 Ne8 22. Qb3 Nc4 23. hxg6 hxg6 24. Qd1 Bxd4 25. Qxd4 Ne5 26. Nfxd5 Bxd5 27. Nxd5 Rc5 28. Nc3 Qg7 29. fxe4 Nf7 30. Qb4 Qe5 31. exf5 Qxf5+ 32. e4 Qe6 33. Be3 Rcc8 34. Bd4 Ne5 35. Qa4 Nf6 36. Qd1 Kg7 37. g4 g5 38. Qd2 Kg6 39. Rf1 Rh8 40. b3 Rh2 41. Rf5 Nh7 42. Nd5 Nxg4 43. Rxg5+ Nxg5 44. Nf4+ Kf7 45. Nxe6 Nxe6 46. Qc3 Ne5 47. Bxe5 dxe5 48. Bc4 Rd8 49. Bd5 Rh5 50. Qf3+ Kg6 51. Bxe6 Rg5 52. Qf7+ Kh6 53. Qf6+ Rg6 54. Qxd8 Rxe6 55. Qf8+ Kg5 56. Qf5+ Kh4 57. Qxe6 Kg5 58. Qf7 Kg4 59. Kc2 Kg3 60. Kd2 Kh2 61. Qg6 Kh1 62. Ke2 a5 63. Kf2 a4 64. Qg2# 1-0

[Event "Madrid San Viator op 23rd"]
[Site "Madrid"]
[Date "2014.11.02"]
[Round "6"]
[White "Nunez Miranda, Adrian"]
[Black "Luna Hermoso, Angel"]
[Result "1-0"]
[WhiteElo "2120"]
[BlackElo "1955"]
[PlyCount "49"]
[EventDate "2014.09.28"]
[EventType "swiss"]
[EventRounds "9"]
[EventCountry "ESP"]
[SourceTitle "EXT 2016"]
[Source "ChessBase"]
[SourceDate "2015.10.08"]
[SourceVersion "1"]
[SourceVersionDate "2015.10.08"]
[SourceQuality "1"]

1. e4 e5 2. Bc4 Nc6 3. d3 Nf6 4. Nc3 Bb4 5. Nge2 d6 6. 0-0 Bg4 7. h3 Bh5 8. Bg5 Nd4 9. f3 Bc5 10. Kh1 Ne6 11. Bh4 c6 12. Qd2 b5 13. Bb3 h6 14. Bg3 Qb6 15. Nd1 Ng5 16. h4 0-0-0 17. Bh2 Ne6 18. Bxe6+ fxe6 19. b4 Bd4 20. c3 d5 21. cxd4 dxe4 22. dxe4 exd4 23. Qd3 Bg6 24. Nf2 Nd5 25. Nf4 1-0

[Event "Madrid San Viator op 21st"]
[Site "Madrid"]
[Date "2013.11.10"]
[Round "8"]
[White "Nunez Miranda, Adrian"]
[Black "Lopez Ziegler, Carlos"]
[Result "1-0"]
[WhiteElo "2006"]
[BlackElo "1944"]
[PlyCount "73"]
[EventDate "2013.09.29"]
[EventType "swiss"]
[EventRounds "9"]
[EventCountry "ESP"]
[SourceTitle "EXT 2015"]
[Source "ChessBase"]
[SourceDate "2014.11.20"]
[SourceVersion "1"]
[SourceVersionDate "2014.11.20"]
[SourceQuality "1"]

1. e4 c5 2. d3 g6 3. g3 Bg7 4. Bg2 Nc6 5. f4 d6 6. Nf3 Nf6 7. 0-0 0-0 8. c3 Bg4 9. h3 Bxf3 10. Qxf3 Nd7 11. g4 Rb8 12. Be3 h6 13. Qf2 e5 14. f5 g5 15. Na3 b5 16. Nc2 Qb6 17. h4 f6 18. d4 Rfc8 19. dxc5 dxc5 20. Rfd1 Rb7 21. hxg5 hxg5 22. b4 Bf8 23. Rd5 Ne7 24. bxc5 Qa5 25. Rd3 Nc6 26. Rad1 Rcc7 27. Na1 b4 28. Nb3 Qa4 29. Bf1 bxc3 30. Rxc3 Qxe4 31. Bc4+ Kg7 32. Qg3 Nb4 33. a3 Rxc5 34. Nxc5 Bxc5 35. Bxc5 Nxc5 36. axb4 Rxb4 37. Bd5 1-0

[Event "Madrid Chamartin op 1st"]
[Site "Madrid"]
[Date "2012.09.15"]
[Round "9"]
[White "Nunez Miranda, Adrian"]
[Black "Unciti Juan, Javier"]
[Result "0-1"]
[WhiteElo "1971"]
[BlackElo "2143"]
[PlyCount "100"]
[EventDate "2012.09.09"]
[EventType "swiss"]
[EventRounds "9"]
[EventCountry "ESP"]
[SourceTitle "CBM 150 Extra"]
[Source "ChessBase"]
[SourceDate "2012.10.19"]
[SourceVersion "1"]
[SourceVersionDate "2012.10.19"]
[SourceQuality "1"]

1. e4 e6 2. d3 d5 3. Qe2 Be7 4. f4 c5 5. Nf3 Nc6 6. a4 Nf6 7. c3 h5 8. e5 Ng4 9. Nbd2 h4 10. b3 Qa5 11. Bb2 Bd7 12. Rc1 Qb6 13. Rb1 0-0-0 14. d4 cxd4 15. Nxd4 Nxd4 16. cxd4 Nh6 17. Bc3 Nf5 18. Rc1 Kb8 19. a5 Qc7 20. Bb2 Qxa5 21. Ra1 Qb6 22. Qd3 a6 23. Nf3 Bb5 24. Qd2 Bxf1 25. Kxf1 Qxb3 26. Bc3 Rc8 27. Rc1 Rc6 28. Kf2 Rhc8 29. Qb2 Rxc3 30. Qxb3 Rxb3 31. Rxc8+ Kxc8 32. Rc1+ Kd7 33. Rc2 Bb4 34. Ng5 Nxd4 35. Rc1 Rb2+ 36. Kf1 f6 37. exf6 gxf6 38. Nh7 Be7 39. Rd1 Nf5 40. Kg1 Bc5+ 41. Kh1 Ke7 42. h3 Kf7 43. Rc1 b6 44. Re1 Kg7 45. Ng5 fxg5 46. fxg5 a5 47. g6 a4 48. Rxe6 Rb1+ 49. Kh2 Bg1+ 50. Kh1 Ng3# 0-1

[Event "Madrid Chamartin op 1st"]
[Site "Madrid"]
[Date "2012.09.14"]
[Round "8"]
[White "Collado Barbas, Laura"]
[Black "Nunez Miranda, Adrian"]
[Result "1/2-1/2"]
[WhiteElo "2149"]
[BlackElo "1971"]
[PlyCount "193"]
[EventDate "2012.09.09"]
[EventType "swiss"]
[EventRounds "9"]
[EventCountry "ESP"]
[SourceTitle "CBM 150 Extra"]
[Source "ChessBase"]
[SourceDate "2012.10.19"]
[SourceVersion "1"]
[SourceVersionDate "2012.10.19"]
[SourceQuality "1"]

1. d4 d6 2. Nf3 g6 3. c4 Bg7 4. Nc3 e5 5. e4 Nc6 6. Be3 Bg4 7. d5 Nd4 8. Bxd4 exd4 9. Nb5 Qe7 10. Bd3 c6 11. Na3 Nf6 12. 0-0 0-0 13. Re1 Nd7 14. h3 Bxf3 15. Qxf3 c5 16. Qg3 Bf6 17. Bc2 Ne5 18. Re2 b5 19. Nxb5 a6 20. f4 Nxc4 21. Na3 Ne3 22. Bd3 Rfb8 23. b3 Rb4 24. Rc1 Kh8 25. Nc4 g5 26. e5 dxe5 27. fxe5 Rxc4 28. Bxc4 Qxe5 29. Qf3 Qf4 30. Qxf4 gxf4 31. Kf2 Be5 32. Bd3 Bd6 33. b4 c4 34. Be4 Bxb4 35. Rb1 Bc5 36. Kf3 d3 37. Rd2 f5 38. Bxd3 cxd3 39. Rxd3 Rd8 40. Kxf4 Rxd5 41. Rxd5 Nxd5+ 42. Kxf5 Kg7 43. g4 Nb4 44. Rc1 Bb6 45. Rb1 Bc5 46. Rc1 Bb6 47. a3 Nd5 48. Ke5 Ne7 49. Ke6 Ng6 50. Rc4 a5 51. g5 Bd8 52. h4 Nf8+ 53. Kd6 Kf7 54. Rf4+ Kg7 55. Rf5 Ng6 56. h5 Nh4 57. Rb5 Kf8 58. Rb8 Ke8 59. Ke6 Ng2 60. g6 Nf4+ 61. Kf5 Nxg6 62. hxg6 hxg6+ 63. Kxg6 Kd7 64. Kf5 Bc7 65. Rb3 Kc6 66. Ke4 Bd6 67. Kd4 Be7 68. Kc4 Bd6 69. Rh3 Bf8 70. Rg3 Be7 71. Rg6+ Bd6 72. Rh6 Kc7 73. Kb5 Bxa3 74. Kxa5 Bb2 75. Kb5 Be5 76. Kc5 Kb7 77. Rb6+ Ka8 78. Kc6 Bb8 79. Rb7 Bg3 80. Kb6 Bb8 81. Ka6 Be5 82. Rd7 Bf4 83. Rf7 Be5 84. Kb6 Bd4+ 85. Kc6 Be3 86. Kc7 Bg1 87. Rh7 Bf2 88. Rh1 Bg3+ 89. Kc6 Bf2 90. Rh3 Bd4 91. Rd3 Bg1 92. Kc7 Bf2 93. Ra3+ Ba7 94. Rb3 Bf2 95. Rb8+ Ka7 96. Rb3 Ka8 97. Ra3+ 1/2-1/2

[Event "Almansa U2000 op 7th"]
[Site "Almansa"]
[Date "2012.08.12"]
[Round "9"]
[White "Romero Calduch, Sergio"]
[Black "Nunez Miranda, Adrian"]
[Result "1-0"]
[WhiteElo "1972"]
[BlackElo "1969"]
[PlyCount "83"]
[EventDate "2012.08.07"]
[EventType "swiss"]
[EventRounds "9"]
[EventCountry "ESP"]
[SourceTitle "EXT 2024"]
[Source "ChessBase"]
[SourceDate "2023.10.10"]
[SourceVersion "1"]
[SourceVersionDate "2023.10.10"]
[SourceQuality "1"]

1. d4 d6 2. e4 Nf6 3. Nc3 e5 4. dxe5 dxe5 5. Qxd8+ Kxd8 6. Bc4 Be6 7. Bxe6 fxe6 8. f3 Bc5 9. Na4 Bd6 10. Be3 Nbd7 11. Rd1 Ke7 12. Nc3 a6 13. a4 h6 14. h4 Nh5 15. Nge2 Raf8 16. Rf1 Bc5 17. Rxd7+ Kxd7 18. Bxc5 Rf7 19. a5 Kc6 20. Be3 Rd8 21. Na4 Nf4 22. Kf2 g5 23. hxg5 hxg5 24. g3 Nxe2 25. Kxe2 Rg8 26. Nc5 Rg6 27. Nd3 Kd6 28. Bc5+ Kc6 29. Nxe5+ Kxc5 30. Nxf7 Kb5 31. Nd8 Rg8 32. Nxe6 Kxa5 33. Nxc7 Rc8 34. f4 Rxc7 35. f5 Rxc2+ 36. Kd3 Rxb2 37. f6 Rb3+ 38. Kc2 Kb4 39. f7 Rc3+ 40. Kd2 Rc8 41. f8Q+ Rxf8 42. Rxf8 1-0

[Event "ESP-ch U16"]
[Site "Salobrena"]
[Date "2012.07.21"]
[Round "9"]
[White "Nicolas Zapata, Irene"]
[Black "Nunez Miranda, Adrian"]
[Result "1/2-1/2"]
[WhiteElo "2235"]
[BlackElo "1909"]
[PlyCount "90"]
[EventDate "2012.07.16"]
[EventType "swiss"]
[EventRounds "9"]
[EventCountry "ESP"]
[SourceTitle "EXT 2014"]
[Source "ChessBase"]
[SourceDate "2013.11.20"]
[SourceVersion "1"]
[SourceVersionDate "2013.11.20"]
[SourceQuality "1"]

1. d4 f5 2. g3 g6 3. Bg2 Nf6 4. Nh3 Bg7 5. Nf4 e6 6. h4 d6 7. Nc3 e5 8. dxe5 dxe5 9. Qxd8+ Kxd8 10. Nfd5 c6 11. Nxf6 Bxf6 12. Bg5 Ke7 13. 0-0-0 Be6 14. e4 Na6 15. Be3 Kf7 16. Bf1 Nc7 17. a4 a5 18. Bb6 Ne8 19. Be2 h5 20. f3 Be7 21. Be3 Nf6 22. Rhf1 Rhd8 23. Rde1 fxe4 24. Nxe4 Nxe4 25. fxe4+ Kg7 26. Rg1 Rf8 27. Ref1 Bh3 28. Rd1 Rfd8 29. Rde1 Rf8 30. Rd1 Rfd8 31. Bb6 Rxd1+ 32. Rxd1 Be6 33. Bc7 Bf6 34. b3 Kf7 35. Kb2 Ke7 36. Kc3 Kf7 37. Bc4 Ke7 38. Bxe6 Kxe6 39. Kc4 Be7 40. Bb6 Bd6 41. Bc5 Rd8 42. Bb6 Ra8 43. c3 Be7 44. Bd8 Ra6 45. Bc7 Ra8 1/2-1/2

[Event "Tres Cantos op 4th"]
[Site "Tres Cantos"]
[Date "2012.06.21"]
[Round "1"]
[White "Nunez Miranda, Adrian"]
[Black "Jimenez Perez, Federico"]
[Result "1-0"]
[WhiteElo "1902"]
[BlackElo "1282"]
[PlyCount "79"]
[EventDate "2012.06.21"]
[EventType "swiss"]
[EventRounds "9"]
[EventCountry "ESP"]
[SourceTitle "CBM 149 Extra"]
[Source "ChessBase"]
[SourceDate "2012.08.24"]
[SourceVersion "1"]
[SourceVersionDate "2012.08.24"]
[SourceQuality "1"]

1. e4 c5 2. Nf3 d6 3. c3 Nc6 4. Bd3 Nf6 5. Bc2 e5 6. Qe2 Bg4 7. d3 Be7 8. Nbd2 b5 9. h3 Bh5 10. d4 a6 11. d5 Na5 12. a4 b4 13. c4 Rb8 14. b3 0-0 15. g4 Bg6 16. Nf1 Re8 17. Ng3 Qd7 18. Nf5 Bxf5 19. gxf5 Nh5 20. Nxe5 dxe5 21. Qxh5 Bf6 22. Bg5 Bxg5 23. Qxg5 Rb6 24. Rg1 g6 25. Rd1 Rd6 26. Rd3 Qe7 27. Rdg3 Qxg5 28. Rxg5 Nb7 29. Kd2 Kg7 30. Ke3 h6 31. R5g3 Nd8 32. h4 h5 33. f4 exf4+ 34. Kxf4 Kh6 35. e5 Rb6 36. a5 Ne6+ 37. dxe6 Rc6 38. exf7 Rd8 39. f6 Rd4+ 40. Ke3 1-0

[Event "San Sebastian de los Reyes op 13th"]
[Site "San Sebastian"]
[Date "2011.12.10"]
[Round "9"]
[White "Ramos del Campo, Alexander"]
[Black "Nunez Miranda, Adrian"]
[Result "1/2-1/2"]
[WhiteElo "2038"]
[BlackElo "1866"]
[PlyCount "132"]
[EventDate "2011.12.02"]
[EventType "swiss"]
[EventRounds "9"]
[EventCountry "ESP"]
[SourceTitle "CBM 145 Extra"]
[Source "ChessBase"]
[SourceDate "2012.01.03"]
[SourceVersion "1"]
[SourceVersionDate "2012.01.03"]
[SourceQuality "1"]

1. e4 d6 2. d4 Nf6 3. Nc3 e5 4. Nf3 Nbd7 5. Bc4 Be7 6. 0-0 0-0 7. Re1 a6 8. a4 b6 9. b3 Bb7 10. Bb2 c6 11. Bd3 Qc7 12. Ne2 Rfe8 13. Ng3 Bf8 14. c4 exd4 15. Nxd4 d5 16. cxd5 cxd5 17. Rc1 Qf4 18. Nde2 Qb8 19. exd5 Bxd5 20. Nd4 Rxe1+ 21. Qxe1 Qb7 22. Qf1 Nc5 23. Bc4 Bxc4 24. Qxc4 Qd5 25. f3 Qxc4 26. Rxc4 Re8 27. Nge2 Nxb3 28. Nxb3 Rxe2 29. Bxf6 gxf6 30. Nd4 Rd2 31. Nb3 Rd3 32. Nc1 Bc5+ 33. Kf1 Rd2 34. Rg4+ Kf8 35. Nb3 Rd5 36. Nxc5 Rxc5 37. Rb4 b5 38. axb5 axb5 39. Ke2 Ke7 40. Kd3 Ke6 41. Re4+ Kd6 42. Rf4 f5 43. Rh4 Rc7 44. Rxh7 b4 45. Rh4 Rc3+ 46. Kd2 Kc5 47. Rf4 Kb5 48. Rxf5+ Kc4 49. Rxf7 Kb3 50. Re7 Kb2 51. h4 b3 52. Ke2 Rc2+ 53. Ke3 Kb1 54. Rb7 b2 55. g4 Kc1 56. Rxb2 Rxb2 57. h5 Rb3+ 58. Kf4 Kd2 59. h6 Ke2 60. g5 Rxf3+ 61. Kg4 Kf2 62. h7 Rg3+ 63. Kf5 Rh3 64. g6 Kf3 65. Kf6 Kf4 66. g7 Rh6+ 1/2-1/2

[Event "San Sebastian de los Reyes op 13th"]
[Site "San Sebastian"]
[Date "2011.12.07"]
[Round "6"]
[White "Palenciano Escolar, Adrian"]
[Black "Nunez Miranda, Adrian"]
[Result "0-1"]
[WhiteElo "1623"]
[BlackElo "1866"]
[PlyCount "40"]
[EventDate "2011.12.02"]
[EventType "swiss"]
[EventRounds "9"]
[EventCountry "ESP"]
[SourceTitle "CBM 145 Extra"]
[Source "ChessBase"]
[SourceDate "2012.01.03"]
[SourceVersion "1"]
[SourceVersionDate "2012.01.03"]
[SourceQuality "1"]

1. e4 d6 2. d4 Nf6 3. Nc3 Nbd7 4. Nf3 e5 5. Bc4 Be7 6. 0-0 0-0 7. Re1 a6 8. a4 b6 9. b3 Bb7 10. Bb2 c6 11. dxe5 dxe5 12. Qd2 Qc7 13. Nh4 g6 14. Qg5 Kh8 15. Re3 b5 16. Rh3 bxc4 17. Rd1 Nc5 18. b4 Ne6 19. Qh6 Nf4 20. Rg3 Ng8 0-1